000
00324 a2200133 4500
001
154130
040
_c
Escola São Tomás de Aquino
100
_a
FERREIRA, Auréilo Buarque de Holanda
240
1
0
_a
Mini Aurélio
_l
por
245
1
0
_a
Mini Aurélio
362
0
_a
2010
697
_a
Dicionário de português
942
_c
MATP
999
_c
154130
_d
154130